| 000 | 00873 a2200301 4500 | ||
|---|---|---|---|
| 001 | 200001203 | ||
| 999 |
_c200001203 _d28432 |
||
| 003 | TR-AnTOB | ||
| 005 | 20230821101045.0 | ||
| 008 | 100709e2007 tu 000 0 | ||
| 010 | _a2006049454 | ||
| 024 | 3 | 0 | _a9780131145603 |
| 040 | _aTR-AnTOB | ||
| 041 | _atur | ||
| 050 | 1 | 4 |
_aTA710 _b.M3853 2007 |
| 090 | _aTA 710 .M3853 2007 | ||
| 100 | 1 |
_aMcCarthy, David F. _969430 |
|
| 245 | 1 | 0 |
_aZemin mekaniğinin esasları ve temeller _btemel geoteknik / _cDavid F. McCarthy, P. E. |
| 250 | _a7baskı | ||
| 264 | 1 |
_aOYTEV: _bOrhan Yavuz Eğitim Vakfı., _cc2007. |
|
| 300 |
_axiii, 850 s. : _bres., hrt. ; _c25 cm |
||
| 504 | _aIncludes bibliographical references (p. 813-830) and index | ||
| 650 |
_aSoil mechanics _969431 |
||
| 650 |
_aZemin mekaniği _96321 |
||
| 650 |
_aFoundations _969433 |
||
| 650 |
_aTemeller _969435 |
||
| 942 | _cBK | ||